Ekológia trávneho porastu lúčno-pasienkové ekosystémy podhorských a horských oblastí strednej Európy : medzinárodný seminár, Banská Bystrica 10.-11. decembra 2002 6

Bibliographic Details
Main Author: Ondrášek, Ľudovít (Author)
Corporate Authors: Výskumný ústav trávnych porastov a horského poľnohospodárstva (Banská Bystrica, Slovensko) (Author), Ekológia trávneho porastu (Author)
Format: Conference Proceeding Book
Language:Slovak
PhysicalDescription:1 elektronický optický disk (CD-ROM)
Published: Banská Bystrica Výskumný ústav trávnych porastov a horského poľnohospodárstva 2002
Subjects:

MARC

LEADER 00000nam a2200000 a 4500
001 vtls001448923
003 SK-MaSNL
005 20260301163031.0
008 240316s2002 xo 0 slo
015 |a SNBS2003/02-00778 
035 |a SNK000404191 
040 |a SNK  |b slo  |c SNK  |e AACR2 
044 |a xo  |c SK 
080 |a 574.4:581.5(086.86)  |2 2. slo 
080 |a 581.5  |2 2. slo 
100 1 |a Ondrášek, Ľudovít  |4 aut  |9 528473 
245 1 0 |a Ekológia trávneho porastu  |h elektronický zdroj  |n 6  |b lúčno-pasienkové ekosystémy podhorských a horských oblastí strednej Európy : medzinárodný seminár, Banská Bystrica 10.-11. decembra 2002 
256 |a Počítačové dáta 
260 |a Banská Bystrica  |b Výskumný ústav trávnych porastov a horského poľnohospodárstva  |c 2002 
300 |a 1 elektronický optický disk (CD-ROM) 
500 |a Elektronické dokumenty 
610 0 7 |a Ekológia trávneho porastu  |b 6  |d 2002  |x semináre  |x dokumenty elektronické  |2 SNK  |9 528474 
611 1 7 |a Ekológia trávneho porastu  |n 6  |d 2002  |c Banská Bystrica, Slovensko  |x semináre  |x dokumenty elektronické  |2 SNK  |9 528475 
650 0 7 |a porasty trávne  |x ekológia  |x dokumenty elektronické  |2 SNK  |9 528476 
655 7 |a elektronické dokumenty  |2 SNK  |9 70518 
710 2 |a Výskumný ústav trávnych porastov a horského poľnohospodárstva (Banská Bystrica, Slovensko)  |4 aut  |9 262801 
711 2 |a Ekológia trávneho porastu  |n (6. :  |d 2002 :  |c Banská Bystrica, Slovensko)  |4 aut  |9 36479 
999 |c 815424  |d 817354 
952 |t P60, <03>, [DIGIT], {603}  |a SNK  |b SNK  |y PREZ  |7 0  |p 17A0372372  |o snkSCDM 262  |i snkJK 7/2003  |0 0  |1 0  |4 0  |d 2003-02-04  |l 0  |r 2005-01-02 00:00:00  |w 2026-02-24